[Event "EYCC 2024 - O16"]
[Site "?"]
[Date "2024.08.25"]
[Round "4.12"]
[White "Navarro Martinez, Victor"]
[Black "Tabuenca Mendataurigoitia, Daniel"]
[Result "0-1"]
[BlackElo "2431"]
[WhiteElo "2180"]
[LiveChessVersion "1.4.8"]

1. d4 {[%clk 1:30:41]} Nf6 {[%clk 1:30:31]} 2. c4 {[%clk 1:30:52]} e6
{[%clk 1:30:26]} 3. Nc3 {[%clk 1:31:01]} Bb4 {[%clk 1:30:21]} 4. e3
{[%clk 1:31:12]} O-O {[%clk 1:30:40]} 5. Bd3 {[%clk 1:31:03]} d5 {[%clk 1:30:48]}
6. a3 {[%clk 1:31:05]} Bxc3+ {[%clk 1:31:08]} 7. bxc3 {[%clk 1:31:29]} dxc4
{[%clk 1:31:33]} 8. Bxc4 {[%clk 1:31:39]} c5 {[%clk 1:32:01]} 9. Nf3
{[%clk 1:31:40]} Qc7 {[%clk 1:32:24]} 10. Be2 {[%clk 1:31:14]} b6
{[%clk 1:32:44]} 11. Bb2 {[%clk 1:30:53]} cxd4 {[%clk 1:32:59]} 12. cxd4
{[%clk 1:28:41]} Ba6 {[%clk 1:33:17]} 13. Bxa6 {[%clk 1:20:18]} Nxa6
{[%clk 1:33:45]} 14. Qe2 {[%clk 1:16:58]} Nb8 {[%clk 1:33:47]} 15. O-O
{[%clk 1:16:16]} Nbd7 {[%clk 1:32:01]} 16. e4 {[%clk 1:03:33]} Rfc8
{[%clk 1:32:00]} 17. Rac1 {[%clk 1:02:45]} Qb7 {[%clk 1:32:04]} 18. Nd2
{[%clk 1:02:11]} h6 {[%clk 1:24:25]} 19. f3 {[%clk 0:59:31]} b5 {[%clk 1:17:44]}
20. Nb3 {[%clk 0:54:35]} a6 {[%clk 1:12:35]} 21. Rfe1 {[%clk 0:47:49]} Rxc1
{[%clk 1:01:08]} 22. Rxc1 {[%clk 0:47:11]} Rc8 {[%clk 1:01:30]} 23. Qd2
{[%clk 0:42:52]} Ne8 {[%clk 0:53:26]} 24. Rxc8 {[%clk 0:37:07]} Qxc8
{[%clk 0:53:43]} 25. d5 {[%clk 0:36:39]} exd5 {[%clk 0:45:00]} 26. Qxd5
{[%clk 0:36:15]} Nb6 {[%clk 0:40:50]} 27. Qc5 {[%clk 0:32:42]} Qe6
{[%clk 0:36:43]} 28. Qc2 {[%clk 0:25:07]} Nc4 {[%clk 0:34:38]} 29. a4
{[%clk 0:21:18]} Nxb2 {[%clk 0:29:08]} 30. Qxb2 {[%clk 0:21:39]} bxa4
{[%clk 0:29:29]} 31. Nc5 {[%clk 0:20:19]} Qc4 {[%clk 0:28:21]} 32. Qa3
{[%clk 0:20:38]} Nc7 {[%clk 0:24:19]} 33. Nxa4 {[%clk 0:20:48]} Ne6
{[%clk 0:23:30]} 34. Nc3 {[%clk 0:12:27]} Nf4 {[%clk 0:19:49]} 35. Nd5 Qd4+
{[%clk 0:19:38]} 36. Kf1 {[%clk 0:08:43]} Qd1+ {[%clk 0:19:57]} 37. Kf2
{[%clk 0:09:12]} Qe2+ {[%clk 0:20:20]} 0-1

[Event "EYCC 2024 - O16"]
[Site "?"]
[Date "2024.08.25"]
[Round "4.13"]
[White "Pusara, Mihailo"]
[Black "Lavrencic, Matic"]
[Result "0-1"]
[BlackElo "2356"]
[WhiteElo "2173"]
[LiveChessVersion "1.4.8"]

1. e4 {[%clk 1:27:07]} c6 {[%clk 1:30:26]} 2. d4 {[%clk 1:27:27]} d5
{[%clk 1:30:37]} 3. exd5 {[%clk 1:27:17]} cxd5 {[%clk 1:30:25]} 4. Bd3
{[%clk 1:27:43]} Nc6 {[%clk 1:30:40]} 5. c3 {[%clk 1:28:03]} e6 {[%clk 1:30:55]}
6. Nf3 {[%clk 1:28:05]} Bd6 {[%clk 1:30:53]} 7. O-O {[%clk 1:28:28]} Nge7
{[%clk 1:31:16]} 8. Re1 {[%clk 1:28:24]} O-O {[%clk 1:31:08]} 9. Nbd2
{[%clk 1:19:33]} f6 {[%clk 1:31:10]} 10. c4 {[%clk 1:14:42]} Kh8 {[%clk 1:31:11]}
11. b3 {[%clk 1:08:43]} Qe8 {[%clk 1:13:18]} 12. Bb2 {[%clk 0:56:53]} Qf7
{[%clk 1:08:10]} 13. Rc1 {[%clk 0:52:36]} Bd7 {[%clk 1:06:17]} 14. a3
{[%clk 0:46:40]} a5 {[%clk 0:50:52]} 15. Qc2 {[%clk 0:43:14]} Rac8
{[%clk 0:47:23]} 16. Qb1 {[%clk 0:42:30]} g5 {[%clk 0:35:09]} 17. cxd5
{[%clk 0:29:37]} exd5 {[%clk 0:32:59]} 18. Kh1 {[%clk 0:20:56]} Qh5
{[%clk 0:25:16]} 19. g3 {[%clk 0:20:17]} Bg4 {[%clk 0:24:18]} 20. Re3
{[%clk 0:16:27]} Bf4 {[%clk 0:20:11]} 21. gxf4 {[%clk 0:11:51]} gxf4
{[%clk 0:20:27]} 22. Bg6 {[%clk 0:06:36]} hxg6 {[%clk 0:19:07]} 23. Rec3
{[%clk 0:06:50]} Bf5 {[%clk 0:18:05]} 24. Qa1 {[%clk 0:06:42]} g5
{[%clk 0:16:20]} 25. Ng1 {[%clk 0:05:52]} Kg7 {[%clk 0:15:10]} 26. b4
{[%clk 0:05:23]} Rh8 {[%clk 0:14:50]} 27. Nf1 {[%clk 0:05:42]} g4
{[%clk 0:06:38]} 28. b5 {[%clk 0:05:24]} Be4+ {[%clk 0:06:53]} 29. f3
{[%clk 0:04:31]} gxf3 {[%clk 0:07:18]} 30. Re1 {[%clk 0:01:54]} f2+
{[%clk 0:07:35]} 31. Rxe4 {[%clk 0:02:19]} fxg1=Q+ {[%clk 0:07:59]} 32. Kxg1
{[%clk 0:02:44]} dxe4 {[%clk 0:08:15]} 33. bxc6 {[%clk 0:03:05]} Qg4+
{[%clk 0:08:02]} 0-1

[Event "EYCC 2024 - O16"]
[Site "?"]
[Date "2024.08.25"]
[Round "4.14"]
[White "Cnejev, Vladimir-Alexandru"]
[Black "Savicevs, Arsenijs"]
[Result "1-0"]
[BlackElo "2184"]
[WhiteElo "2343"]
[LiveChessVersion "1.4.8"]

1. e4 {[%clk 1:23:00]} c5 {[%clk 1:30:51]} 2. Nf3 {[%clk 1:23:16]} d6
{[%clk 1:31:14]} 3. d4 {[%clk 1:23:36]} cxd4 {[%clk 1:31:38]} 4. Qxd4
{[%clk 1:24:03]} Nc6 {[%clk 1:31:48]} 5. Qe3 {[%clk 1:24:27]} g6 {[%clk 1:31:42]}
6. c4 {[%clk 1:22:58]} Bg7 {[%clk 1:31:57]} 7. Nc3 {[%clk 1:22:42]} Nf6
{[%clk 1:32:09]} 8. Be2 {[%clk 1:22:19]} O-O {[%clk 1:32:18]} 9. O-O
{[%clk 1:19:09]} Nd7 {[%clk 1:23:07]} 10. Rd1 {[%clk 1:13:31]} Qb6
{[%clk 1:23:14]} 11. Qf4 {[%clk 0:58:24]} Bxc3 {[%clk 1:23:08]} 12. bxc3
{[%clk 0:58:45]} f6 {[%clk 1:23:25]} 13. h4 {[%clk 0:51:14]} Qa5 {[%clk 1:00:49]}
14. Qe3 {[%clk 0:21:35]} Nde5 {[%clk 0:41:03]} 15. Rd5 {[%clk 0:14:08]} Ng4
{[%clk 0:34:04]} 16. Rxa5 {[%clk 0:10:38]} Nxe3 {[%clk 0:34:27]} 17. Rb5
{[%clk 0:10:51]} Ng4 {[%clk 0:33:16]} 18. c5 {[%clk 0:10:49]} a6 {[%clk 0:28:41]}
19. Rbb1 {[%clk 0:10:12]} dxc5 {[%clk 0:26:11]} 20. Ba3 {[%clk 0:10:42]} b5
{[%clk 0:11:33]} 21. Bxc5 {[%clk 0:11:06]} Be6 {[%clk 0:11:57]} 22. Nd4
{[%clk 0:07:57]} Nxd4 {[%clk 0:11:55]} 23. cxd4 {[%clk 0:08:18]} Kf7
{[%clk 0:10:34]} 24. a4 {[%clk 0:08:06]} Bd7 {[%clk 0:10:36]} 25. f3
{[%clk 0:01:41]} Ne3 {[%clk 0:10:57]} 26. axb5 {[%clk 0:02:02]} axb5
{[%clk 0:11:00]} 27. Rxa8 {[%clk 0:02:08]} Rxa8 {[%clk 0:11:29]} 28. Bxb5
{[%clk 0:02:31]} Bxb5 {[%clk 0:11:06]} 29. Rxb5 {[%clk 0:02:59]} Ra2
{[%clk 0:06:59]} 30. Rb7 {[%clk 0:01:57]} Rxg2+ 31. Kh1 Rc2 {[%clk 0:04:55]} 32.
Bxe7 {[%clk 0:00:35]} Ke6 {[%clk 0:04:18]} 33. Bc5 {[%clk 0:00:32]} Rxc5
{[%clk 0:00:59]} 34. dxc5 {[%clk 0:00:43]} h5 {[%clk 0:01:21]} 35. Kg1
{[%clk 0:00:35]} Nc4 {[%clk 0:01:42]} 36. Kf2 {[%clk 0:00:53]} f5
{[%clk 0:01:48]} 37. Rb4 {[%clk 0:00:39]} Ne5 {[%clk 0:02:12]} 38. exf5+
{[%clk 0:00:38]} Kxf5 {[%clk 0:02:37]} 39. Ke3 {[%clk 0:00:34]} Ke6
{[%clk 0:03:03]} 40. Ke4 {[%clk 0:00:39]} Nd7 {[%clk 0:03:25]} 41. Rb6+
{[%clk 0:00:36]} Nxb6 {[%clk 0:03:42]} 42. cxb6 {[%clk 0:01:05]} 1-0